000 01677cam a2200313 i 4500
003 SA-RiAUC
005 20241028122600.0
008 241014s2002 ts g b 000 0 ara c
040 _aSA-RiAUC
_bara
_cSA-RiAUC
_erda
082 0 4 _a258.2
090 _a258.2
_bغ ر ي
100 1 _aالغرياني، الصادق بن عبد الرحمن،
_d1942-
_eمؤلف.
245 1 0 _aتطبيقات قواعد الفقه عند المالكية من خلال كتابي إيضاح المسالك للونشريسي وشرح المنهج المنتخب للمنجور /
_cإعداد الصادق بن عبد الرحمن الغرياني.
264 1 _aدبي، الإمارات العربية المتحدة :
_bدار البحوث للدراسات الإسلامية وإحياء التراث،
_c2002
300 _a567 صفحة ؛
_c25 سم.
336 _aنص
_btxt
_2rdacontent
_3كتاب
337 _aبدون وسيط
_bn
_2rdamedia
338 _aمجلد
_bnc
_2rdacarrier
440 0 _aالدراسات الأصولية (دار البحوث للدراسات الإسلامية والتراث)
_v7
504 _aببليوجرافية : صفحة 557-558.
650 7 _aالفقه المالكي
_2aucsh
700 1 2 _aالونشريسي، أحمد بن يحيى بن محمد،
_d834-914 هجري
700 1 2 _aالمنجور، أحمد بن علي بن عبد الرحمن،
_d926-995 هجري
_tشرح المنهج المنتخب.
740 0 2 _aشرح المنهج المنتخب.
740 0 2 _aإيضاح المسالك.
740 2 _aالمنهج المنتخب على قواعد المذهب
942 _2ddc
_cBOOK
_n0
949 _aSA-JeALM
_d241014
_umohamedma123
_n1
999 _c1336
_d1336